000 00408nam a2200145Ia 4500
008 231129s2013||||xx |||||||||||||| ||spa||
020 _a978-958-57504-7-0
040 _bspa
082 _a(i) 546.22 D275a
100 _aDay Trevor
245 0 _aAgua
260 _c2013
264 _aBogotá Colombia: Blume; Bogotá Colombia: Fondo Cultural Iberoamericano
942 _2ddc
_cBKS
999 _c87
_d87